Cuerpo a cuerpo /
Saved in:
| Main Author: | |
|---|---|
| Format: | Book |
| Language: | Español |
| Published: |
México :
Siglo XXI,
1979, c1979
|
| Series: | (La Creación Literaria)
|
| Subjects: | |
| Tags: |
No Tags, Be the first to tag this record!
|
MARC
| LEADER | 00000nam^a2200000^a^4500 | ||
|---|---|---|---|
| 001 | 000172754 | ||
| 005 | 20250521000000.0 | ||
| 009 | 20260310101429.661 | ||
| 020 | |a 968-23-0450-4 | ||
| 037 | |a Acervo ITESO - Biblioteca | ||
| 041 | |a ESP | ||
| 082 | |a 863. |b VIÑ | ||
| 100 | |a Viñas, David |e (autor) | ||
| 245 | 1 | 0 | |a Cuerpo a cuerpo / |c D. Viñas. |
| 264 | 4 | |a México : |b Siglo XXI, |c 1979, c1979 | |
| 300 | |a 478 p. | ||
| 336 | |a texto |b txt |2 rdacontenido | ||
| 337 | |a sin mediación |b n |2 rdamedio | ||
| 338 | |a volumen |b nc |2 rdasoporte | ||
| 440 | 4 | |a (La Creación Literaria) | |
| 649 | |a XX | ||
| 650 | |a Novela Argentina | ||
| 650 | |a Literatura Argentina - |y Siglo XX | ||
| 650 | |a Literatura y Política - |z Argentina | ||
| 650 | |a Militarismo - |z Argentina - |x Historia | ||
| 650 | |a Dictadura - |z Argentina - |x Historia | ||
| 650 | |a Represión - |z Argentina - |x Historia | ||
| 650 | |a Política - |z Argentina - |x Historia - |y 1976-1983 | ||
| 650 | |a Política - |z Argentina - |x Historia - |y Siglo XX | ||
| 650 | |a Argentina - |x Historia - |y 1976-1983 | ||
| 650 | |a Argentina - |x Historia - |y Siglo XX | ||
| 910 | |a Fondo Armando Suárez Gómez | ||
| 920 | |a Impresos - Libros | ||
| 930 | |a Fondos Especiales | ||
| 940 | |a Literatura | ||
| 905 | |a 111 | ||
| 901 | |a 0700005702 |b IT2 |c ESP |u 20250521 | ||
| 902 | |a https://opac.biblio.iteso.mx/vufind/Record/000172754 | ||